000 00654nam a2200253Ia 4500
003 OSt
005 20221005083452.0
006 a|||||r|||| 00| 0
007 ta
008 221004b |||||||| |||| 00| 0 eng d
024 _a28367
037 _cTextual
040 _aCRL
_cCRL
_beng
041 _2eng
_aeng
082 _aE191, N3
100 _aDharmendra Kumar
_9502626
245 0 _aMaterials science and manufacturing processes
250 _a2nd
260 _aNew Delhi
_bVikas India
_c1983
300 _a410p
_ccm.
650 _aCHEMISTRY
942 _hE191, N3
_cTEXL
_2cc
999 _c991031
_d991031